000
00507nam a2200157Ia 4500
008
090711s9999 xx 000 0 und d
082
_b
46580
100
_a
पंडीत बाबाजी महाराज
245
_a
अभंगगाथा
260
_c
1970
600
_a
पंडीत बाबाजी महाराज
630
_a
अभंगगाथा
700
_a
पंडीत बाबाजी महाराज
730
_a
अभंगगाथा
942
_c
BOOK
999
_c
281497
_d
281497